|
|
|
|
| LEADER |
00000nam a2200000 i 4500 |
| 001 |
ELB41345 |
| 003 |
FINmELB |
| 005 |
20200402105710.0 |
| 006 |
m o u |
| 007 |
cr cn||||||||| |
| 008 |
140805s2002 sp o 000 0 spa d |
| 020 |
|
|
|a 9788400090388 (e-book)
|
| 020 |
|
|
|z 9788400080433
|
| 035 |
|
|
|a (OCoLC)991927017
|
| 040 |
|
|
|a FINmELB
|b spa
|e rda
|c FINmELB
|
| 050 |
|
4 |
|a DP233
|b E771 2002
|
| 080 |
|
|
|a 94(450)"1915/22"(063)
|
| 082 |
0 |
|
|a 946.074
|2 23
|
| 245 |
0 |
0 |
|a España e Italia en la Europa contemporánea :
|b desde finales del siglo XIX a las dictaduras /
|c Fernando García Sanz (editor).
|
| 264 |
|
1 |
|a Madrid :
|b Consejo Superior de Investigaciones Científicas,
|c 2002.
|
| 300 |
|
|
|a 1 recurso en línea (502 páginas)
|
| 336 |
|
|
|a texto
|b txt
|2 rdacontent/spa
|
| 337 |
|
|
|a computadora
|b c
|2 rdamedia/spa
|
| 338 |
|
|
|a recurso en línea
|b cr
|2 rdacarrier/spa
|
| 490 |
1 |
|
|a Biblioteca de historia ;
|v 49
|
| 500 |
|
|
|a "Reúne las actas del congreso celebrado en Segovia entre los días 17 y 20 de noviembre de 1999"--Solapa.
|
| 546 |
|
|
|a Textos en español e italiano.
|
| 588 |
|
|
|a Descripción basada en metadatos suministrados por el editor y otras fuentes.
|
| 590 |
|
|
|a Recurso electrónico. Santa Fe, Arg.: elibro, 2020. Disponible vía World Wide Web. El acceso puede estar limitado para las bibliotecas afiliadas a elibro.
|
| 651 |
|
4 |
|a España
|x Historia
|y 1874-1902 (Restauración)
|
| 651 |
|
4 |
|a Italia
|x Historia
|y 1870-1915.
|
| 651 |
|
0 |
|a Spain
|x History
|z Alfonso XIII, 1886-1931.
|
| 651 |
|
0 |
|a Italy
|x History.
|
| 655 |
|
4 |
|a Libros electrónicos.
|
| 700 |
1 |
|
|a García Sanz, Fernando,
|e editor.
|
| 797 |
2 |
|
|a elibro, Corp.
|
| 830 |
|
0 |
|a Biblioteca de historia (Consejo Superior de Investigaciones Científicas (España)) ;
|v 49.
|
| 856 |
4 |
0 |
|u https://elibro.uam.elogim.com/ereader/bidiuam/41345
|z Texto completo
|